Beerenobstbau : eine Anleitung für sozialistische Landwirtschafts- und Gartenbaubetriebe /

Hlavní autor: Kramer, Siegfried
Jazyk: Němčina
Vydáno: Berlin : Deutscher Landwirtschaftsverlag, 1961
Fyzický popis: 123 s.
Knihy
Uloženo v:
LEADER 00671nam a22002052a 4500
001 001399407
003 CZ BrMZK
005 20140724131926.0
007 ta
008 140701s1961 gw er|||||||||||ger d
040 |a BOA001  |b cze 
100 1 |a Kramer, Siegfried  |4 aut 
245 1 0 |a Beerenobstbau :  |b eine Anleitung für sozialistische Landwirtschafts- und Gartenbaubetriebe /  |c Siegfried Kramer 
260 |a Berlin :  |b Deutscher Landwirtschaftsverlag,  |c 1961 
300 |a 123 s. 
504 |a Obsahuje bibliografii 
910 |a BOA001  |b 2-0455.830 
990 |a BK 
991 |b 201407 
996 7 |b 2619082819  |c 2-0455.830  |l MZK  |r Sklad / do 24 hodin  |n 0  |w 001434439  |u 000010  |a 1  |e BOA001  |j MZK50  |s A